Whole life carbon assessment for the built environment (Record no. 121666)

MARC details
000 -LEADER
fixed length control field 01979cam a22002655a 4500
008 - FIXED-LENGTH DATA ELEMENTS--GENERAL INFORMATION
fixed length control field 230919e20230919xxk fo 000 0 eng d
020 ## - INTERNATIONAL STANDARD BOOK NUMBER
ISBN 9781783215034
041 0# - LANGUAGE CODE
Language code of text/sound track or separate title eng
110 2# - MAIN ENTRY--CORPORATE NAME
Corporate author Royal Institution of Chartered Surveyors
245 00 - TITLE STATEMENT
Title Whole life carbon assessment for the built environment
Medium [electronic resource]
250 ## - EDITION
Edition statement 2nd
260 ## - PUBLICATION INFORMATION
Place of publication London,
Publisher RICS,
Date September 2023
300 ## - PHYSICAL DESCRIPTION
Physical description 220p
490 #0 - SERIES TITLE
Series statement RICS Professional Statement
500 ## - GENERAL NOTE
General note Supersedes 1st edition (ISBN 9781783212088) from 1 July 2024.
520 ## - ABSTRACT
Abstract Mandates a whole life approach to reducing carbon emissions within the built environment. It sets out specific mandatory principles and supporting guidance for the interpretation and implementation of EN 15978 methodology. Specific objectives of this professional statement include providing a consistent whole life carbon assessment implementation plan and reporting structure for built projects, and promoting the reliability of whole life carbon assessments by acting as a solid reference for the industry. This 2nd edition aligns with the International Cost Management Standards (ICMS) 3rd Edition and the Built Environment Carbon Database (BECD) to provide a consistent output of cost and carbon reporting and benchmarking, for both new builds and existing assets.
520 ## - ABSTRACT
Abstract The methodology in this standard is globally applicable, however numerical assumptions provided are based on UK locations and standard practices due to the availability and accessibility of data. Readers will therefore find that the methodology is more comprehensive and detailed for UK practitioners,
650 24 - KEYWORDS
Keywords CARBON EMISSIONS
650 24 - KEYWORDS
Keywords EN 15978
650 24 - KEYWORDS
Keywords WHOLE LIFE APPRAISAL
651 #4 - SUBJECT ADDED ENTRY--GEOGRAPHIC NAME
Geographic name International
690 ## - BROAD SUBJECT
Broad subject Quantity surveying
9 (RLIN) 6263
856 41 - ONLINE RESOURCE
Uniform Resource Identifier <a href="https://www.rics.org/content/dam/ricsglobal/documents/standards/Whole_life_carbon_assessment_PS_Sept23.pdf">https://www.rics.org/content/dam/ricsglobal/documents/standards/Whole_life_carbon_assessment_PS_Sept23.pdf</a>
Public note 2nd edition in force from 1 July 2024
942 ## - ADDED ENTRY ELEMENTS (KOHA)
Suppress in OPAC Do not suppress in OPAC
Holdings
Lost status Damaged status Not for loan Home library Current library Shelving location Date acquired Total Checkouts Full call number Date last seen Price effective from Koha item type
      Virtual Virtual Online 19/09/2023   ONLINE PUBLICATION 19/09/2023 19/09/2023 Online material